El Problema fronterizo entre Ecuador y Perú: un enfoque diferente /

Enregistré dans:
Détails bibliographiques
Auteur principal: Azcueta, Miguel
Format: Texte
Sujets:
Tags: Ajouter un tag
Pas de tags, Soyez le premier à ajouter un tag!

MARC

LEADER 00000 a a2200000 04500
001 18083
003
040
100 |a Azcueta, Miguel  
245 |a El Problema fronterizo entre Ecuador y Perú:   |b un enfoque diferente /  |c Miguel Azcueta  
650 |a FRONTERAS  
650 |a FUERZAS ARMADAS  
650 |a POLITICA  
650 |a ECONOMIA  
650 |a IMPERIALISMO  
650 |a BURGUESIA  
650 |a ECUADOR  
773 |g volumen 5, número 6 (1981); páginas 65  
999 |c 25724  |d 25724 
773 0 |0 42391  |9 3878  |a Agencia Latinoamericana de Información, ALAI  |d Quito, Ecuador: ALAI  |o 04405  |t ALAI:  |x 08275564 (Servicio mensual de información y documentación)